Flags - Statistics

General Stats
  • This quiz has been taken 15 times
    8 since last reset
  • The average score is 50 of 64
Answer Stats
Picture Answer % Correct
Argentina
100%
Brazil
100%
Canada
100%
China
100%
Cyprus
100%
France
100%
Germany
100%
Greece
100%
Mexico
100%
Norway
100%
Poland
100%
Portugal
100%
Russia
100%
South Korea
100%
Spain
100%
Switzerland
100%
Turkey
100%
Ukraine
100%
United States
100%
Albania
83%
Austria
83%
Belgium
83%
Cambodia
83%
Cuba
83%
Egypt
83%
Georgia
83%
Jamaica
83%
Kenya
83%
Lebanon
83%
Panama
83%
Qatar
83%
Saudi Arabia
83%
Serbia
83%
Sweden
83%
Afghanistan
67%
Angola
67%
Barbados
67%
Belarus
67%
Bhutan
67%
Ecuador
67%
El Salvador
67%
Ghana
67%
Iran
67%
Iraq
67%
Laos
67%
Madagascar
67%
Morocco
67%
Netherlands
67%
Niger
67%
Nigeria
67%
Pakistan
67%
Paraguay
67%
Senegal
67%
Sudan
67%
Taiwan
67%
Algeria
50%
Andorra
50%
Armenia
50%
Bolivia
50%
Greenland
50%
Grenada
50%
Comoros
33%
Montenegro
33%
Togo
33%
No matching quizzes found
Score Distribution
Percent of People with Each Score
Percentile by Number Answered
Your Score History
You have not taken this quiz since the last reset